000 00501nam a2200205Ia 4500
008 240510s9999 xx 000 0 und d
020 _a0000070473676
041 _aEng
082 _a004.22
082 _bB33
100 _a BIGELOW S.J.
245 0 _aTROUBLE SHOOTING MAINTAINING AND REPAIRING PCS
250 _a5th ed.
260 _bNEW DELHI : MCGRAW HILL
260 _c2001
300 _a1547 p.
650 _aCOMPUTER ARCHITECTURE : COMPUTER HARDWARE
942 _2ddc
942 _cLBK
999 _c27061
_d27061
945 _a1
_bMadushi Gamage
_c1
_dMadushi Gamage